| 000 | 00931cam a22002655a 4500 | ||
|---|---|---|---|
| 001 | 015499205 | ||
| 003 | OSt | ||
| 005 | 20160123152406.0 | ||
| 008 | 091103t2011 nyua frb 001 0 eng d | ||
| 020 | _a9780071267434 | ||
| 020 | _a0071267433 | ||
| 040 |
_aStDuBDS _beng _cStDuBDS _dUk _dEG-ScBUE |
||
| 082 | 0 | 4 |
_a658.049 _222 _bBAR |
| 100 | 1 |
_aBartlett, Christopher A., _d1943- _936210 |
|
| 245 | 1 | 0 |
_aTransnational management : _btext, cases and readings in cross-border management / _cChristopher A. Bartlett, Paul Beamish. |
| 250 | _a6th ed. | ||
| 260 |
_aNew York : _bMcGraw-Hill Higher Education, _cc.2011. |
||
| 300 |
_axvii, 762 p. : _bill. ; _c24 cm. |
||
| 500 | _aIndex : p. 749-762. | ||
| 504 | _aIncludes bibliographical references. | ||
| 650 | 7 |
_aInternational business enterprises _xManagement. _2BUEsh _94507 |
|
| 653 |
_bBUSADM _cJuly2015 _cJanuary2016 |
||
| 700 | 1 |
_aBeamish, Paul W., _d1953- _933559 |
|
| 942 | _2ddc | ||
| 999 |
_c20391 _d20363 |
||